LEADER 01680nam0-2200481-i-450- 001 990009791790403321 005 20131118155254.0 010 $a978-0-8218-8738-7$bpaperback 035 $a000979179 035 $aFED01000979179 035 $a(Aleph)000979179FED01 035 $a000979179 100 $a20131118d2013----km-y0itay50------ba 101 0 $aeng 102 $aUS 105 $aa---a---101yy 200 1 $aGeomtric analysis and integral geometry$eAMS special session on radon transforms and geometric analysis in honor of Sigurdur Helgason's 85th birthday, January 4-7, 2012, Boston, MA$eTufts University workshop on geometric analysis on Euclidean and homogeneous spaces, January 8-9, 2012, Medford, MA$fEric Todd Quinto, Fulton Gonzales, Jens Gerlach Christensen, editors 210 $aProvidence$cAmerican Mathematical Society$d2013 215 $aXIV, 280 p.$d26 cm 225 1 $aContemporary mathematics$v598 610 0 $aGruppi topologici$aGruppi di Lie$aAtti di conferenze 610 0 $aAnalisi sui gruppi di Lie reali e complessi 610 0 $aAnalisi sugli spazi omogenei 610 0 $aTrasformate di Radon 610 0 $aProblemi inversi 610 0 $aTomografia 676 $a515'.1 702 1$aQuinto,$bEric Todd 702 1$aGonzales,$bFulton, 702 1$aChristensen,$bJens Gerlach 801 0$aIT$bUNINA$gREICAT$2UNIMARC 901 $aBK 912 $a990009791790403321 952 $aC-1-(598$b224$fMA1 959 $aMA1 962 $a22-06 962 $a22E30 962 $a43A85 962 $a44A12 962 $a45Q05 962 $a92C55 996 $aGeomtric analysis and integral geometry$9836825 997 $aUNINA LEADER 01242nam2-22003131i-450 001 990005412700203316 005 20210419182230.0 035 $a000541270 035 $aUSA01000541270 035 $a(ALEPH)000541270USA01 100 $a20050704d1977----km y1itay5003----ba 101 1 $aita$ceng 102 $aIT 200 1 $a<<1.: >>[Dalle origini al 19. secolo. L'Africa nera prima dell'intrusione europea e fino alla fine del 15. secolo. Nell'era dell'accumulazione capitalistica primitiva (periodo della tratta degli schiavi, dal 16. al 18. secolo). Periodo del capitalismo industriale dal 1789 al 1870. Nel periodo della transizione dal capitalismo all'imperialismo]$fEndre Sík 210 $aMilano$cLa Pietra$d1977 215 $a358 p.$d21 cm 300 $aTraduzione di Luisa Peduzzi, Maria Carla Peduzzi e Adriano Pennati 454 1$12001$a<>history of black Africa$954332 461 1$1001000540252$12001$aStoria dell'Africa nera$v1 606 0 $aStoria$yAfrica$2BNCF 676 $a960 700 0$aSÍK,$bENDRE$0244641 801 0$aIT$bSOL$c20120104 912 $a990005412700203316 951 $a900 960 SIK$b813 DISES 959 $aBK 969 $aDISES 996 $aHistory of black Africa.$954332 997 $aUNISA